Teatro bufo (Record no. 128884)

MARC details
000 -LEADER
campo de control de longitud fija 01153nam a2200193 i 4500
001 - NÚMERO DE CONTROL
campo de control 128884
003 - IDENTIFICADOR DE NÚMERO DE CONTROL
campo de control ES-MaACL
005 - FECHA Y HORA DE LA ÚLTIMA TRANSACCIÓN
campo de control 20230906193400.0
007 - CAMPO FIJO DE DESCRIPCIÓN FÍSICA--INFORMACIÓN GENERAL
campo de control de longitud fija t|
008 - DATOS DE LONGITUD FIJA--INFORMACIÓN GENERAL
campo de control de longitud fija 070529s1961 cu ||||1| spa d
080 ## - NÚMERO DE LA CLASIFICACIÓN DECIMAL UNIVERSAL
Número de la Clasificación Decimal Universal 821.134.2(729.1)-22"18"(082.2)
245 00 - MENCIÓN DEL TÍTULO
Título Teatro bufo
Resto del título : siete obras. Tomo I.
260 ## - PUBLICACIÓN, DISTRIBUCIÓN, ETC.
Lugar de publicación, distribución, etc. [La Habana :
Nombre del editor, distribuidor, etc. s.n.],
Fecha de publicación, distribución, etc. 1961 (
Fabricante Imp. Nacional)
300 ## - DESCRIPCIÓN FÍSICA
Extensión 255 p. ;
Dimensiones 21 cm.
505 8# - NOTA DE CONTENIDO CON FORMATO
Nota de contenido con formato Contiene: Los Cheverones. Sainete bufo liríco / de José Barreiro ; música de Rafael Palau.-- Don Centen. Entretenimiento cómico lírico en un acto y dos cuadros / por X. 1896.-- La herencia de Canuto. Zarzuela bufa / de Benjamín Sánchez Maldonado ; música de Antonio González.-- Los efectos del billete o a la Celaduria / de Olallo Díaz González.-- El hombre de la gallina. Juguete cómico / por Chacón y Nuza.-- Los detallistas. Revista cómico-lírica / de Olallo Díaz González.-- Los hijos de Thalia o Bufos de Fin de Siglo / de Benjamín Sánchez Maldonado ; música de Rafael Palau
650 14 - PUNTO DE ACCESO ADICIONAL DE MATERIA--TÉRMINO DE MATERIA
Término de materia o nombre geográfico como elemento de entrada Teatro cubano-
Subdivisión cronológica S.XIX.
9 (RLIN) 17335
710 2# - ENTRADA AGREGADA--NOMBRE DE ENTIDAD CORPORATIVA
Nombre de entidad corporativa o nombre de jurisdicción como elemento de entrada Universidad Central de Las Villas.
9 (RLIN) 7082
852 ## - LOCALIZACIÓN
Ubicación ES-MaACL
Número de control de estantería E-4184
Sublocalización o colección R.50775
Holdings
Estatus retirado Estado de pérdida Estado de daño No para préstamo Biblioteca de origen Biblioteca actual Ubicación en estantería Fecha de adquisición Fuente de adquisición Total de préstamos Signatura topográfica completa Código de barras Visto por última vez Precio de reemplazo Tipo de ítem Koha
        Biblioteca del Ateneo de Madrid Biblioteca del Ateneo de Madrid Depósito 2 17/01/2008     E-4184 1134219 23/02/2023 23/02/2023 Libro impreso